00538nam a2200193Ia 450000500170000000800410001702000150005808200180007310000160009124500270010725000080013426000520014230000160019465000100021065000090022094200060022995200940023599900150032920241219025048.0240331s9999 xx 000 0 und d a8171542050 bGHU2581a305 aGhurye, G.S 0aCast and Race in India a5th aBombaybPopular Prakashan Private Limitedc1990 avi, 493 p., aCaste aRace cL 001040708LaWERCLbWERCLcSSCd2024-03-31l0o 305 GHUp581r2024-03-31w2024-03-31yL c1433d1433